| 000 | 00570nam a2200193Ia 4500 | ||
|---|---|---|---|
| 008 | 090124s9999 xx 000 0 und d | ||
| 020 | _a978-81-7766-977-0 | ||
| 082 | _b47113 | ||
| 100 | _aचांदोरकर स्वाती | ||
| 245 | _a काळाकभिन्न | ||
| 250 | _a1 | ||
| 260 | _c2008 | ||
| 300 | _a162 | ||
| 600 | _aचांदोरकर स्वाती | ||
| 630 | _a काळाकभिन्न | ||
| 700 | _aचांदोरकर स्वाती | ||
| 730 | _a काळाकभिन्न | ||
| 942 | _cBOOK | ||
| 999 |
_c113338 _d113338 |
||